000 00606nmm a2200181Ia 4500
008 251105s9999||||xx |||||||||||||||||und||
041 _aspa
100 _aSilgado Herrero, Agustín
245 0 _aBiología y geología :
_b 1º Bachillerato
264 _a[Madrid, España] :
_bMinisterio de Educación, Cultura y Deporte de España,
_c2011
300 _a430 páginas
490 _aBachillerato a distancia
650 _aTeen & Young Adult Non Fiction
700 _aSilgado Herrero, Agustín
700 1 _a Tardón Díaz, Ana
856 _uhttps://public.digitaliapublishing.com/a/14761
942 _cCF
999 _c71437
_d71437